[Event "Chess.com Bullet Open 1"]
[Site "chess.com INT"]
[Date "2020.12.19"]
[Round "11"]
[White "Bortnyk, Olexandr"]
[Black "Atanasov, Anthony"]
[Result "1-0"]
[WhiteElo "2598"]
[BlackElo "2144"]
[PlyCount "109"]
[EventDate "2020.12.19"]
[EventType "swiss (blitz)"]
[EventRounds "21"]
[EventCountry "NET"]
[Source "Mark Crowther"]
[SourceDate "2020.12.21"]

1. d4 e5 2. Nc3 exd4 3. Qxd4 Nc6 4. Qa4 Nf6 5. Bg5 Be7 6. O-O-O h6 7. Bh4 O-O
8. Nf3 d6 9. e4 Bg4 10. Be2 Nd7 11. Bxe7 Qxe7 12. Nd5 Qd8 13. Qa3 Bxf3 14. gxf3
Nde5 15. Rhg1 Ng6 16. Qc3 Rc8 17. f4 Nce7 18. f5 Nxd5 19. Rxd5 Ne5 20. f4 c6
21. Rdd1 Qf6 22. fxe5 dxe5 23. Kb1 Rcd8 24. Rxd8 Rxd8 25. Rd1 Rxd1+ 26. Bxd1
Qd6 27. Qd3 Qe7 28. h3 Kh7 29. a3 Qc7 30. c3 f6 31. Bb3 b5 32. Qg3 Qd7 33. Qg6+
Kh8 34. Qf7 Qxf7 35. Bxf7 a5 36. Kc2 c5 37. h4 g5 38. fxg6 Kg7 39. h5 Kf8 40.
Bd5 b4 41. axb4 axb4 42. cxb4 cxb4 43. Kb3 Kg7 44. Kxb4 Kf8 45. Kc5 Kg7 46. b4
Kf8 47. b5 Kg7 48. b6 f5 49. exf5 e4 50. Bxe4 Kf6 51. b7 Kg5 52. g7 Kh4 53.
g8=Q Kh3 54. b8=Q Kh4 55. Qh2# 1-0

[Event "Chess.com Bullet Open 1"]
[Site "chess.com INT"]
[Date "2020.12.19"]
[Round "12"]
[White "Ivic, Velimir"]
[Black "Atanasov, Anthony"]
[Result "1-0"]
[WhiteElo "2581"]
[BlackElo "2144"]
[PlyCount "95"]
[EventDate "2020.12.19"]
[EventType "swiss (blitz)"]
[EventRounds "21"]
[EventCountry "NET"]
[Source "Mark Crowther"]
[SourceDate "2020.12.21"]

1. e4 c5 2. Nf3 d6 3. d4 cxd4 4. Nxd4 Nf6 5. Nc3 a6 6. Bg5 Nbd7 7. Bc4 Qb6 8.
O-O e6 9. Bxe6 fxe6 10. Nxe6 Ne5 11. Nf4 Bg4 12. Qd2 h6 13. Bxf6 gxf6 14. Ncd5
Qd8 15. h3 Bf3 16. Qe3 Rg8 17. Kh2 Bg4 18. Nd3 Be6 19. f4 Nxd3 20. Qxd3 Bxd5
21. Qxd5 Rg7 22. Rae1 Qc8 23. e5 dxe5 24. fxe5 f5 25. e6 Qc7+ 26. Kh1 Rd8 27.
Qxf5 Qc5 28. e7 Qxf5 29. exd8=Q+ Kxd8 30. Rxf5 Bd6 31. Rd1 Kc7 32. Rfd5 Bg3 33.
Rc5+ Kb8 34. Rc3 Rg8 35. Rf3 h5 36. Rdf1 Rg7 37. Rf7 Ka7 38. Rxg7 h4 39. Rxg3
hxg3 40. h4 a5 41. h5 a4 42. h6 a3 43. h7 axb2 44. h8=Q b1=Q 45. Rxb1 b5 46.
Rxb5 Ka6 47. Rb3 Ka5 48. Qa8# 1-0

[Event "Chess.com Bullet Open 1"]
[Site "chess.com INT"]
[Date "2020.12.19"]
[Round "13"]
[White "Atanasov, Anthony"]
[Black "Triapishko, Alexandr"]
[Result "0-1"]
[WhiteElo "2144"]
[BlackElo "2507"]
[PlyCount "56"]
[EventDate "2020.12.19"]
[EventType "swiss (blitz)"]
[EventRounds "21"]
[EventCountry "NET"]
[Source "Mark Crowther"]
[SourceDate "2020.12.21"]

1. d4 c6 2. Bf4 d5 3. e3 Nf6 4. Nf3 Nh5 5. Be5 f6 6. Bg3 g6 7. c3 Bg7 8. Nbd2
O-O 9. Be2 e5 10. dxe5 Nxg3 11. hxg3 fxe5 12. e4 Qb6 13. Qb3 Be6 14. exd5 cxd5
15. Qxb6 axb6 16. Ng5 Bd7 17. Nxh7 Re8 18. Ng5 Nc6 19. O-O-O Rxa2 20. Kb1 Rea8
21. Nb3 Bf5+ 22. Bd3 e4 23. Bc2 Bf6 24. Nh3 d4 25. g4 dxc3 26. gxf5 Rxb2+ 27.
Kc1 Nb4 28. Bxe4 Na2# 0-1

[Event "Chess.com Bullet Open 1"]
[Site "chess.com INT"]
[Date "2020.12.19"]
[Round "14"]
[White "Salinas Herrera, P."]
[Black "Atanasov, Anthony"]
[Result "1-0"]
[WhiteElo "2514"]
[BlackElo "2144"]
[PlyCount "93"]
[EventDate "2020.12.19"]
[EventType "swiss (blitz)"]
[EventRounds "21"]
[EventCountry "NET"]
[Source "Mark Crowther"]
[SourceDate "2020.12.21"]

1. e4 e5 2. Nf3 Nc6 3. Bc4 Nf6 4. Ng5 d5 5. exd5 Na5 6. Bb5+ c6 7. dxc6 bxc6 8.
Bd3 h6 9. Ne4 Nb7 10. O-O Nxe4 11. Bxe4 Bd7 12. Re1 Nd6 13. d4 Nxe4 14. Rxe4
Be7 15. Rxe5 O-O 16. Nc3 Bf6 17. Re1 Bf5 18. Be3 Rb8 19. Qf3 Bxc2 20. Qxc6 Bxd4
21. Bxd4 Qxd4 22. Nd5 Qxb2 23. h3 Bg6 24. Ne7+ Kh7 25. a4 Rfe8 26. Nxg6 Rxe1+
27. Rxe1 fxg6 28. Qd7 Rf8 29. Qxa7 Rf5 30. Qe3 Qb4 31. Ra1 Qa5 32. Qe1 Qa6 33.
a5 Rf6 34. Qd2 Qb5 35. Qa2 Ra6 36. h4 Qc6 37. Qa4 Qf6 38. h5 gxh5 39. Qe4+ g6
40. Rb1 Ra7 41. Rb7+ Rxb7 42. Qxb7+ Kg8 43. a6 Qd6 44. a7 Qd1+ 45. Kh2 Qd6+ 46.
g3 Qf8 47. a8=Q 1-0

[Event "Chess.com Bullet Open 1"]
[Site "chess.com INT"]
[Date "2020.12.19"]
[Round "15"]
[White "Mogirzan, Matei-Valeriu"]
[Black "Atanasov, Anthony"]
[Result "0-1"]
[WhiteElo "1813"]
[BlackElo "2144"]
[PlyCount "66"]
[EventDate "2020.12.19"]
[EventType "swiss (blitz)"]
[EventRounds "21"]
[EventCountry "NET"]
[Source "Mark Crowther"]
[SourceDate "2020.12.21"]

1. e4 c5 2. Nf3 d6 3. d4 cxd4 4. Nxd4 Nf6 5. Nc3 a6 6. Bc4 e6 7. Be3 Qc7 8. Bb3
Nc6 9. g4 h6 10. h4 b5 11. a3 Bb7 12. Rg1 Ne5 13. f3 Nc4 14. Bxc4 Qxc4 15. g5
hxg5 16. hxg5 Nh5 17. g6 fxg6 18. Rxg6 Nf4 19. Bxf4 Rh1+ 20. Kf2 Rxd1 21. Rxe6+
Qxe6 22. Rxd1 Qf6 23. Nf5 g6 24. Nxd6+ Bxd6 25. Bxd6 Qh4+ 26. Bg3 Qf6 27. Rh1
Qd4+ 28. Kg2 Rd8 29. Rh7 Rd7 30. Rxd7 Kxd7 31. Nd5 Bxd5 32. exd5 Qd2+ 33. Bf2
Qxc2 0-1

[Event "Chess.com Bullet Open 1"]
[Site "chess.com INT"]
[Date "2020.12.19"]
[Round "16"]
[White "Atanasov, Anthony"]
[Black "Jacobson, Aaron"]
[Result "0-1"]
[WhiteElo "2144"]
[BlackElo "2262"]
[PlyCount "120"]
[EventDate "2020.12.19"]
[EventType "swiss (blitz)"]
[EventRounds "21"]
[EventCountry "NET"]
[Source "Mark Crowther"]
[SourceDate "2020.12.21"]

1. d4 d5 2. Bf4 c5 3. e3 cxd4 4. exd4 Nc6 5. Nf3 Bg4 6. Nbd2 e6 7. c3 Bd6 8.
Bxd6 Qxd6 9. Be2 Nge7 10. O-O O-O 11. Ne5 Bxe2 12. Qxe2 f6 13. Nxc6 Nxc6 14.
Rfe1 Rae8 15. Rad1 Kh8 16. Nf3 e5 17. dxe5 fxe5 18. c4 d4 19. Nd2 Qg6 20. Ne4
Ne7 21. Qd3 Nf5 22. Ng3 Nh4 23. Qxg6 Nxg6 24. Ne4 Rc8 25. b3 a6 26. f3 b5 27.
Rc1 bxc4 28. Nd6 Rc5 29. Rxc4 Rxc4 30. Nxc4 Re8 31. Kf2 Nf4 32. Rd1 Kg8 33. g3
Ng6 34. Nd6 Rd8 35. Nf5 Rc8 36. Rd2 Rc3 37. h4 h5 38. Re2 Kf7 39. Nd6+ Ke6 40.
Ne4 Rc6 41. Rd2 Kd5 42. Ke2 Ne7 43. Kd3 Nf5 44. g4 Nxh4 45. Rf2 hxg4 46. fxg4
Ng6 47. Rf7 Nf4+ 48. Rxf4 exf4 49. Ng5 Rg6 50. Nf3 Rxg4 51. a4 Rg3 52. Ke2 Ke4
53. Nd2+ Kd5 54. Nc4 g5 55. Nd2 g4 56. Kd1 Rd3 57. Kc2 Rxd2+ 58. Kxd2 g3 59.
Kd3 g2 60. b4 g1=Q 0-1

[Event "Chess.com Bullet Open 1"]
[Site "chess.com INT"]
[Date "2020.12.19"]
[Round "17"]
[White "Jenni, F."]
[Black "Atanasov, Anthony"]
[Result "0-1"]
[WhiteElo "2456"]
[BlackElo "2144"]
[PlyCount "66"]
[EventDate "2020.12.19"]
[EventType "swiss (blitz)"]
[EventRounds "21"]
[EventCountry "NET"]
[Source "Mark Crowther"]
[SourceDate "2020.12.21"]

1. d4 e5 2. c3 exd4 3. cxd4 d5 4. Nc3 Nf6 5. Nf3 Be7 6. Bg5 O-O 7. e3 h6 8.
Bxf6 Bxf6 9. Qc2 c6 10. Bd3 g6 11. h4 h5 12. Bxg6 fxg6 13. Qxg6+ Bg7 14. Qxh5
Bf5 15. Ng5 Nd7 16. g4 Nf6 17. gxf5 Nxh5 18. Ne6 Qf6 19. Nxf8 Rxf8 20. O-O-O
Qxf5 21. Rh2 Nf6 22. Rg1 Ng4 23. Rhg2 Nxf2 24. Rxg7+ Kh8 25. R7g5 Nd3+ 26. Kd2
Qh7 27. Ne2 Nxb2 28. Nf4 Nc4+ 29. Kc3 Rxf4 30. exf4 b5 31. f5 b4+ 32. Kxb4 Qb7+
33. Kc5 Qb6# 0-1

[Event "Chess.com Bullet Open 2"]
[Site "chess.com INT"]
[Date "2020.12.19"]
[Round "1"]
[White "Andrews, Todd"]
[Black "Atanasov, Anthony"]
[Result "0-1"]
[WhiteElo "2244"]
[BlackElo "2144"]
[PlyCount "80"]
[EventDate "2020.12.19"]
[EventType "swiss (blitz)"]
[EventRounds "21"]
[EventCountry "NET"]
[Source "Mark Crowther"]
[SourceDate "2020.12.21"]

1. e4 c5 2. Nf3 d6 3. d4 cxd4 4. Nxd4 Nf6 5. Nc3 a6 6. Bc4 e6 7. Bb3 Qc7 8. Qe2
Nc6 9. Be3 Nxd4 10. Bxd4 Be7 11. g4 h6 12. O-O-O b5 13. h3 Bb7 14. Rhe1 b4 15.
Na4 Bc6 16. Nb6 Rb8 17. Nc4 a5 18. e5 Nd5 19. exd6 Bg5+ 20. Kb1 Qd8 21. Bxg7
Rg8 22. Be5 Qd7 23. Nxa5 Bb5 24. Bc4 Bxc4 25. Qxc4 Bd8 26. Nc6 Rc8 27. Qe4 Rxc6
28. Rxd5 exd5 29. Qxd5 Kf8 30. Bf4 Rg6 31. h4 Re6 32. h5 Rxe1+ 33. Bc1 Rxc1+
34. Kxc1 Rxd6 35. Qc5 Bg5+ 36. Kb1 Be7 37. a4 Rd1+ 38. Ka2 b3+ 39. Kxb3 Bxc5
40. Kc4 Bd4 0-1

[Event "Chess.com Bullet Open 2"]
[Site "chess.com INT"]
[Date "2020.12.19"]
[Round "2"]
[White "Atanasov, Anthony"]
[Black "Matlakov, M."]
[Result "0-1"]
[WhiteElo "2144"]
[BlackElo "2698"]
[PlyCount "166"]
[EventDate "2020.12.19"]
[EventType "swiss (blitz)"]
[EventRounds "21"]
[EventCountry "NET"]
[Source "Mark Crowther"]
[SourceDate "2020.12.21"]

1. d4 c6 2. Bf4 d5 3. e3 Nf6 4. Nf3 Bf5 5. Nbd2 e6 6. c3 h6 7. Ne5 Nbd7 8. Bd3
Bxd3 9. Nxd3 Be7 10. O-O O-O 11. Qf3 c5 12. e4 cxd4 13. cxd4 dxe4 14. Nxe4 Nxe4
15. Qxe4 Qb6 16. Be3 Nf6 17. Qf3 Nd5 18. Nf4 Rad8 19. Nxd5 Rxd5 20. b3 Bf6 21.
Rfd1 Rfd8 22. Rac1 Qd6 23. Qe4 b6 24. h3 Qd7 25. a4 Bxd4 26. Bxd4 Rxd4 27. Rxd4
Qxd4 28. Qxd4 Rxd4 29. Rc8+ Kh7 30. Rc7 Kg6 31. Rxa7 Rb4 32. a5 bxa5 33. Rxa5
Rxb3 34. Kh2 Rb2 35. f3 f6 36. Ra6 e5 37. Ra5 h5 38. Kg3 Kf5 39. h4 g5 40. hxg5
Kxg5 41. Ra4 h4+ 42. Kh3 Rb1 43. Rg4+ Kf5 44. Kxh4 Rh1+ 45. Kg3 Ke6 46. Re4 Rd1
47. Ra4 f5 48. Ra6+ Kd5 49. Ra5+ Kd4 50. Ra8 Ke3 51. Ra3+ Rd3 52. Ra2 e4 53.
fxe4 fxe4 54. Kg4 Rd2 55. Ra3+ Kf2 56. Kf4 Re2 57. g3 e3 58. g4 Re1 59. g5 e2
60. Rf3+ Kg2 61. Rg3+ Kh2 62. Re3 Rf1+ 63. Ke5 e1=Q 64. Rxe1 Rxe1+ 65. Kf6 Rf1+
66. Kg7 Kh3 67. g6 Kh4 68. Kh8 Rf8+ 69. Kh7 Ra8 70. g7 Ra7 71. Kh8 Kh5 72. g8=Q
Kh6 73. Qf8+ Kh5 74. Qe8+ Kh6 75. Qd8 Rh7+ 76. Kg8 Rg7+ 77. Kf8 Rh7 78. Ke8
Rh8+ 79. Kd7 Rh7+ 80. Kc8 Kh5 81. Qd6 Rg7 82. Qd5+ Rg5 83. Qf3+ Kh6 0-1

[Event "Chess.com Bullet Open 2"]
[Site "chess.com INT"]
[Date "2020.12.19"]
[Round "4"]
[White "Atanasov, Anthony"]
[Black "Kazarian, Anna-Maja"]
[Result "1-0"]
[WhiteElo "2144"]
[BlackElo "2096"]
[PlyCount "59"]
[EventDate "2020.12.19"]
[EventType "swiss (blitz)"]
[EventRounds "21"]
[EventCountry "NET"]
[Source "Mark Crowther"]
[SourceDate "2020.12.21"]

1. d4 d5 2. Bf4 Nf6 3. e3 e6 4. Nf3 Bd6 5. Nbd2 Bxf4 6. exf4 O-O 7. c3 c5 8.
dxc5 Nc6 9. Bd3 a5 10. O-O Qe7 11. Nb3 a4 12. Nbd4 Qxc5 13. Ne5 Nxd4 14. cxd4
Qb6 15. b3 g6 16. bxa4 Qxd4 17. Qf3 Rxa4 18. g3 Ne4 19. Rad1 Qb4 20. Bxe4 Qxe4
21. Qg4 Rxa2 22. Rfe1 Qc2 23. Qf3 b5 24. Ng4 b4 25. Rc1 Qa4 26. Qe3 f6 27. Rxc8
Rxc8 28. Qxe6+ Kg7 29. Qxf6+ Kg8 30. Nh6# 1-0

[Event "Chess.com Bullet Open 2"]
[Site "chess.com INT"]
[Date "2020.12.19"]
[Round "5"]
[White "Vovk, Or"]
[Black "Atanasov, Anthony"]
[Result "0-1"]
[WhiteElo "2315"]
[BlackElo "2144"]
[PlyCount "34"]
[EventDate "2020.12.19"]
[EventType "swiss (blitz)"]
[EventRounds "21"]
[EventCountry "NET"]
[Source "Mark Crowther"]
[SourceDate "2020.12.21"]

1. g4 e5 2. g5 Qxg5 3. d4 Qe7 4. dxe5 Qxe5 5. Nf3 Qe7 6. Nc3 Nf6 7. Bg5 h6 8.
Nd5 Qd8 9. Bxf6 gxf6 10. Qd4 Bg7 11. Rg1 Kf8 12. Nh4 d6 13. e4 Nc6 14. Qc3 Rg8
15. O-O-O f5 16. Nxf5 Bxc3 17. Nxc3 Rxg1 0-1

[Event "Chess.com Bullet Open 2"]
[Site "chess.com INT"]
[Date "2020.12.19"]
[Round "6"]
[White "Atanasov, Anthony"]
[Black "Mekhitarian, K."]
[Result "1/2-1/2"]
[WhiteElo "2144"]
[BlackElo "2554"]
[PlyCount "41"]
[EventDate "2020.12.19"]
[EventType "swiss (blitz)"]
[EventRounds "21"]
[EventCountry "NET"]
[Source "Mark Crowther"]
[SourceDate "2020.12.21"]

1. d4 Nf6 2. Bf4 c5 3. e3 g6 4. Nf3 Bg7 5. Nbd2 O-O 6. c3 d6 7. Be2 Nh5 8. Bg5
h6 9. Bh4 g5 10. Bg3 Nd7 11. Bd3 Nxg3 12. hxg3 Nf6 13. e4 Qc7 14. e5 dxe5 15.
dxe5 Ng4 16. Nxg5 hxg5 17. Bh7+ Kh8 18. Bf5+ Kg8 19. Bh7+ Kh8 20. Bf5+ Kg8 21.
Bh7+ 1/2-1/2

[Event "Chess.com Bullet Open 2"]
[Site "chess.com INT"]
[Date "2020.12.19"]
[Round "7"]
[White "Wang, Jalen"]
[Black "Atanasov, Anthony"]
[Result "0-1"]
[WhiteElo "2123"]
[BlackElo "2144"]
[PlyCount "74"]
[EventDate "2020.12.19"]
[EventType "swiss (blitz)"]
[EventRounds "21"]
[EventCountry "NET"]
[Source "Mark Crowther"]
[SourceDate "2020.12.21"]

1. b3 d5 2. Bb2 Bf5 3. e3 e6 4. Nf3 Nf6 5. Be2 Nbd7 6. O-O Bd6 7. d4 c6 8. Nbd2
O-O 9. c4 Ne4 10. Ne5 Nxe5 11. dxe5 Bc7 12. Nxe4 Bxe4 13. f3 Bg6 14. f4 Bb6 15.
Rf3 Be4 16. Rh3 h6 17. Qe1 dxc4 18. Bxc4 Bc5 19. Rd1 Qb6 20. Bd3 Bxd3 21. Rxd3
Rad8 22. Rxd8 Rxd8 23. Rg3 Rd3 24. Kf2 a5 25. Rf3 Bb4 26. Qc1 Rd2+ 27. Kg3 h5
28. Bd4 h4+ 29. Kh3 Qb5 30. Kxh4 Rxg2 31. Kh3 Qe2 32. Qf1 Rxh2+ 33. Kg3 Be1+
34. Kg4 Rh4+ 35. Kg5 Qh2 36. Qxe1 Rh6 37. Kg4 Rg6# 0-1

[Event "Chess.com Bullet Open 2"]
[Site "chess.com INT"]
[Date "2020.12.19"]
[Round "8"]
[White "Atanasov, Anthony"]
[Black "Fernandez, Dan SIN"]
[Result "0-1"]
[WhiteElo "2144"]
[BlackElo "2466"]
[PlyCount "116"]
[EventDate "2020.12.19"]
[EventType "swiss (blitz)"]
[EventRounds "21"]
[EventCountry "NET"]
[Source "Mark Crowther"]
[SourceDate "2020.12.21"]

1. d4 g6 2. Bf4 Bg7 3. e3 d6 4. Nf3 e5 5. dxe5 Nc6 6. Bg5 Qd7 7. Bb5 dxe5 8.
Bxc6 bxc6 9. Nc3 f6 10. Bh4 Ne7 11. Qxd7+ Bxd7 12. O-O-O Nf5 13. Bg3 Ke7 14. e4
Nxg3 15. hxg3 Rad8 16. Rd2 h5 17. Nh4 Be8 18. Rhd1 Bh6 19. f4 Rxd2 20. Rxd2
exf4 21. Rd3 fxg3+ 22. Kd1 Bg5 23. Nf3 h4 24. Nxg5 fxg5 25. Ne2 Bf7 26. Ng1 Bc4
27. Rd2 Be6 28. b3 g4 29. e5 h3 30. Ne2 hxg2 31. Ng1 Bd5 32. c4 Rh1 33. cxd5
Rxg1+ 34. Kc2 cxd5 35. Kd3 Ke6 36. b4 Kxe5 37. b5 Kf4 38. b6 axb6 39. a4 Ra1
40. Rxg2 Ra3+ 41. Kd4 Rxa4+ 42. Kxd5 Kf3 43. Rb2 g2 44. Kc6 g1=Q 45. Rb3+ Kf4
46. Kb7 Qc5 47. Kb8 Ra8+ 48. Kxa8 Qd5+ 49. Kb8 Qxb3 50. Kb7 Qd5+ 51. Kc8 b5 52.
Kb8 b4 53. Kc8 c5 54. Kb8 c4 55. Ka7 c3 56. Kb8 b3 57. Ka7 b2 58. Kb8 c2 0-1

[Event "Chess.com Bullet Open 2"]
[Site "chess.com INT"]
[Date "2020.12.19"]
[Round "9"]
[White "Atanasov, Anthony"]
[Black "Liang, Justin"]
[Result "0-1"]
[WhiteElo "2144"]
[BlackElo "2067"]
[PlyCount "138"]
[EventDate "2020.12.19"]
[EventType "swiss (blitz)"]
[EventRounds "21"]
[EventCountry "NET"]
[Source "Mark Crowther"]
[SourceDate "2020.12.21"]

1. d4 Nf6 2. Bf4 d5 3. e3 e6 4. Nf3 Bd6 5. Nbd2 Nc6 6. c3 Qe7 7. Ne5 Nd7 8.
Nxd7 Bxd7 9. Bg3 e5 10. dxe5 Nxe5 11. Nf3 c6 12. Nxe5 Bxe5 13. Bd3 h5 14. Bxe5
Qxe5 15. h3 h4 16. Qf3 O-O-O 17. O-O-O g5 18. e4 Be6 19. exd5 Rxd5 20. Rhe1 Qg7
21. a3 Rhd8 22. Be4 Rxd1+ 23. Rxd1 Rxd1+ 24. Qxd1 Qe5 25. Bf3 f5 26. Qd2 Qg7
27. Qe3 Bd7 28. Be2 Kb8 29. f4 g4 30. hxg4 fxg4 31. f5 h3 32. Qg3+ Kc8 33. gxh3
Qh6+ 34. Kc2 gxh3 35. Qg8+ Kc7 36. Qg3+ Kc8 37. Bg4 h2 38. Bf3 Bxf5+ 39. Kb3
Be6+ 40. c4 Qe3+ 41. Kc2 Bf5+ 42. Kd1 Qg1+ 43. Qxg1 hxg1=Q+ 44. Ke2 Qg3 45. Ke3
Qe5+ 46. Kd2 Qxb2+ 47. Ke3 Qb3+ 48. Kd4 Qxa3 49. c5 Qxc5+ 50. Kxc5 a5 51. Kc4
Kc7 52. Kb3 b6 53. Ka4 Be6 54. Ka3 b5 55. Be2 Kb6 56. Bd3 c5 57. Kb2 c4 58. Bc2
Kc5 59. Bb1 b4 60. Kc1 c3 61. Bc2 Bc4 62. Bb3 Bxb3 63. Kb1 Bc4 64. Kc1 Kd4 65.
Kb1 b3 66. Kc1 Kd3 67. Kb1 c2+ 68. Ka1 Kd2 69. Kb2 c1=Q# 0-1

[Event "Chess.com Bullet Open 2"]
[Site "chess.com INT"]
[Date "2020.12.19"]
[Round "10"]
[White "Fiorito, Fabian"]
[Black "Atanasov, Anthony"]
[Result "0-1"]
[WhiteElo "2380"]
[BlackElo "2144"]
[PlyCount "74"]
[EventDate "2020.12.19"]
[EventType "swiss (blitz)"]
[EventRounds "21"]
[EventCountry "NET"]
[Source "Mark Crowther"]
[SourceDate "2020.12.21"]

1. Nf3 d5 2. g3 Nf6 3. Bg2 Bf5 4. O-O e6 5. d3 Be7 6. Nbd2 O-O 7. Re1 c5 8. b3
Nc6 9. Bb2 Qc7 10. c4 Rad8 11. Qc1 d4 12. a3 e5 13. Nh4 Be6 14. Nhf3 b6 15. h4
a5 16. Ng5 Bf5 17. Nge4 Nxe4 18. Nxe4 h6 19. Qd2 a4 20. Rab1 axb3 21. Bc1 Na5
22. Bb2 Be6 23. Rf1 b5 24. cxb5 c4 25. dxc4 Nxc4 26. Qd3 Nxb2 27. Rxb2 Bc4 28.
Qf3 Bxa3 29. Rxb3 Bxb3 30. Qxb3 Be7 31. b6 Qb8 32. Nc5 Bxc5 33. b7 d3 34. exd3
Bd4 35. Bd5 e4 36. Rc1 Qxg3+ 37. Kf1 Qxf2# 0-1

[Event "Chess.com Bullet Open 2"]
[Site "chess.com INT"]
[Date "2020.12.19"]
[Round "11"]
[White "Atanasov, Anthony"]
[Black "Salinas Herrera, P."]
[Result "0-1"]
[WhiteElo "2144"]
[BlackElo "2514"]
[PlyCount "70"]
[EventDate "2020.12.19"]
[EventType "swiss (blitz)"]
[EventRounds "21"]
[EventCountry "NET"]
[Source "Mark Crowther"]
[SourceDate "2020.12.21"]

1. d4 d5 2. Bf4 e6 3. e3 Bd6 4. Qg4 Kf8 5. Bxd6+ cxd6 6. Nc3 Nc6 7. Qd1 Nf6 8.
Nf3 a6 9. Bd3 h6 10. O-O g6 11. e4 Kg7 12. exd5 exd5 13. a4 Bg4 14. Be2 Re8 15.
h3 Be6 16. Re1 Qd7 17. Qd2 Rac8 18. Rad1 Na5 19. Nb1 Nc4 20. Qc1 Ne4 21. b3 Nb6
22. a5 Na8 23. Bd3 Bf5 24. Nfd2 Nc7 25. Nxe4 dxe4 26. Bf1 d5 27. c4 h5 28. Nc3
Ne6 29. Na4 Qd6 30. Nb6 dxc4 31. Nxc8 Rxc8 32. d5 Nf4 33. bxc4 Nd3 34. Bxd3
exd3 35. Qc2 dxc2 0-1

[Event "Chess.com Bullet Open 2"]
[Site "chess.com INT"]
[Date "2020.12.19"]
[Round "12"]
[White "Atanasov, Anthony"]
[Black "Nemurov, A."]
[Result "1-0"]
[WhiteElo "2144"]
[BlackElo "2251"]
[PlyCount "43"]
[EventDate "2020.12.19"]
[EventType "swiss (blitz)"]
[EventRounds "21"]
[EventCountry "NET"]
[Source "Mark Crowther"]
[SourceDate "2020.12.21"]

1. d4 Nf6 2. Nf3 d5 3. Bf4 c5 4. e3 Nc6 5. Nbd2 Bg4 6. c3 Bxf3 7. Nxf3 e6 8.
Qb3 Qb6 9. Qxb6 axb6 10. Bb5 Nd7 11. Ne5 Ncxe5 12. Bxe5 f6 13. Bc7 Be7 14. Bxb6
Bd8 15. Bxc5 Be7 16. Bxe7 Kxe7 17. Bxd7 Kxd7 18. Kd2 b5 19. b3 Rhc8 20. a4 bxa4
21. Rxa4 Ra5 22. Rxa5 1-0

[Event "Chess.com Bullet Open 2"]
[Site "chess.com INT"]
[Date "2020.12.19"]
[Round "14"]
[White "Atanasov, Anthony"]
[Black "Goltsev, Dmitry"]
[Result "1-0"]
[WhiteElo "2144"]
[BlackElo "2312"]
[PlyCount "167"]
[EventDate "2020.12.19"]
[EventType "swiss (blitz)"]
[EventRounds "21"]
[EventCountry "NET"]
[Source "Mark Crowther"]
[SourceDate "2020.12.21"]

1. d4 g6 2. Bf4 Bg7 3. e3 Nf6 4. Nf3 O-O 5. Be2 d6 6. O-O Nbd7 7. c4 Nh5 8. Bg5
f6 9. Bh4 g5 10. Bxg5 fxg5 11. Nxg5 Nhf6 12. Ne6 Qe8 13. Nxc7 Qg6 14. Nxa8 b6
15. Bf3 e5 16. Nc7 e4 17. Be2 Kh8 18. Ne6 Rg8 19. Nf4 Qf7 20. Nc3 Nf8 21. Ncd5
Bh6 22. Nxf6 Qxf6 23. Qd2 Qg7 24. g3 Qf6 25. d5 Nd7 26. Qd4 Ne5 27. Qxe4 Bf5
28. Qg2 Bg7 29. Ne6 Bh6 30. Rad1 Rc8 31. Rd4 Rg8 32. Rf4 Bxf4 33. exf4 Ng6 34.
Ng5 h6 35. Ne4 Qxb2 36. Nxd6 Ne7 37. Nxf5 Nxf5 38. Bd3 Ng7 39. Qe4 Nf5 40. Qxf5
Qg7 41. Qe5 Rc8 42. Qxg7+ Kxg7 43. d6 Rd8 44. Be4 Rxd6 45. Bd5 Rd8 46. Rc1 Re8
47. Bf3 Rd8 48. c5 bxc5 49. Rxc5 Rd3 50. Rc7+ Kf6 51. Kg2 Rd2 52. Rc6+ Ke7 53.
Ra6 Kd7 54. Rxa7+ Kd6 55. Ra6+ Kc5 56. Rxh6 Kb5 57. Rc6 Rd1 58. Bxd1 Kxc6 59.
Bf3+ Kd6 60. h3 Ke6 61. g4 Kf6 62. Kg3 Kg6 63. Bg2 Kf6 64. f3 Kg7 65. Bf1 Kf7
66. h4 Ke7 67. Bh3 Kf7 68. a4 Kf8 69. a5 Ke8 70. a6 Kd8 71. a7 Kc7 72. a8=Q Kd6
73. Qa1 Kc5 74. Qb1 Kd6 75. Qc1 Ke7 76. Qc5+ Kf7 77. Qg5 Ke8 78. h5 Kf8 79. h6
Ke8 80. h7 Kf7 81. h8=Q Ke6 82. Qhh6+ Kd7 83. Qgg7+ Ke8 84. Qhh8# 1-0

[Event "Chess.com Bullet Open 2"]
[Site "chess.com INT"]
[Date "2020.12.19"]
[Round "15"]
[White "Corrales Jimenez, Fidel"]
[Black "Atanasov, Anthony"]
[Result "1-0"]
[WhiteElo "2532"]
[BlackElo "2144"]
[PlyCount "161"]
[EventDate "2020.12.19"]
[EventType "swiss (blitz)"]
[EventRounds "21"]
[EventCountry "NET"]
[Source "Mark Crowther"]
[SourceDate "2020.12.21"]

1. e4 c5 2. Nf3 d6 3. d4 cxd4 4. Nxd4 Nf6 5. Nc3 a6 6. Be3 e6 7. f3 Nbd7 8. Qd2
b5 9. O-O-O Bb7 10. g4 h6 11. h4 b4 12. Na4 Qa5 13. b3 Nc5 14. a3 Nxa4 15. axb4
Qc7 16. bxa4 d5 17. e5 Nd7 18. f4 Nb6 19. Rh3 Nxa4 20. Bf2 Be7 21. Be1 Rc8 22.
f5 exf5 23. gxf5 Qxe5 24. Ra3 Nb6 25. Bg3 Qf6 26. Re1 O-O 27. Be5 Qxh4 28. Nf3
Qxb4 29. Rb3 Qxd2+ 30. Kxd2 Nc4+ 31. Bxc4 dxc4 32. Rxb7 Ba3 33. c3 Rfe8 34. Nd4
Be7 35. Rg1 Bg5+ 36. Rxg5 hxg5 37. Bg3 Rc5 38. Kc2 Ra5 39. Kb2 Re3 40. Bc7 Rh3
41. Bxa5 g4 42. Bc7 g3 43. Ka3 g2 44. Ne2 Rxc3+ 45. Ka4 Rb3 46. Rxb3 cxb3 47.
Kxb3 f6 48. Kc3 g6 49. Kd4 gxf5 50. Ke3 Kf7 51. Kf2 Ke6 52. Kxg2 Kd5 53. Ba5
Ke4 54. Kf2 Kd3 55. Bc7 Ke4 56. Ng3+ Kd5 57. Nxf5 Ke6 58. Nd4+ Kd5 59. Ke3 f5
60. Bd8 f4+ 61. Kd3 f3 62. Bh4 f2 63. Bxf2 Kc5 64. Nc2+ Kd6 65. Ne3 Kc6 66. Nc4
Kc7 67. Kc3 Kc8 68. Bd4 Kb8 69. Be5+ Ka8 70. Kd4 Kb7 71. Kc5 Ka8 72. Kb6 a5 73.
Nd6 a4 74. Nb5 a3 75. Nc7+ Kb8 76. Na6+ Kc8 77. Bd6 Kd8 78. Bxa3 Kd7 79. Bb4
Ke8 80. Bc5 Kf7 81. Nb4 1-0

[Event "Chess.com Bullet Open 2"]
[Site "chess.com INT"]
[Date "2020.12.19"]
[Round "16"]
[White "Ivic, Velimir"]
[Black "Atanasov, Anthony"]
[Result "0-1"]
[WhiteElo "2581"]
[BlackElo "2144"]
[PlyCount "104"]
[EventDate "2020.12.19"]
[EventType "swiss (blitz)"]
[EventRounds "21"]
[EventCountry "NET"]
[Source "Mark Crowther"]
[SourceDate "2020.12.21"]

1. e4 c5 2. Nc3 d6 3. f4 Nf6 4. Nf3 Nc6 5. Bb5 g6 6. Bxc6+ bxc6 7. O-O Bg7 8.
d3 O-O 9. Qe1 Nd7 10. f5 Ba6 11. Qh4 c4 12. Bh6 cxd3 13. Ng5 Qb6+ 14. Kh1 Bf6
15. Bxf8 Nxf8 16. cxd3 Qxb2 17. fxg6 hxg6 18. Rac1 Bxd3 19. Rfd1 Bxc3 20. Qg3
Be2 21. Qf4 Bxd1 22. Qxf7+ Kh8 23. Rxd1 Bf6 24. h4 Qf2 25. Nf3 Qg3 26. e5 dxe5
27. Rf1 e4 28. Ng5 Qxh4+ 29. Nh3 Qh7 30. Qc4 e3 31. Re1 Qh6 32. Qe4 Nh7 33.
Rxe3 Ng5 34. Qxc6 Nxh3 35. Rxh3 Qxh3+ 36. gxh3 Rd8 37. Kg2 Rd6 38. Qc7 Kg7 39.
Qxa7 Rd2+ 40. Qf2 Rxf2+ 41. Kxf2 Bd4+ 42. Kf3 Ba7 43. a4 Kf6 44. Ke4 e5 45. h4
Ke6 46. a5 Bc5 47. a6 Ba7 48. h5 gxh5 49. Kf3 Kd5 50. Kg3 e4 51. Kh4 e3 52.
Kxh5 e2 0-1